Entre el deseo y la materia: obra visual de Claudio Bertoni

Shranjeno v:
Bibliografske podrobnosti
Glavni avtor: Vera Peñaloza, Adolfo (Author)
Format: Knjiga
Jezik:španščina
Izdano: Viña del Mar Ediciones Altazor 2007
Izdaja:2a. ed
Teme:
Oznake: Označite
Brez oznak, prvi označite!

MARC

LEADER 00000cam a2200000 a 4500
001 UCF3240
003 CL-VaPUC
008 121004e20070000CL |||||||||||||||||spa|d
020 |a 9567472467 
082 0 4 |a 709  |b VER  |2 21 
100 0 |a Vera Peñaloza, Adolfo  |e author  |9 565172 
245 1 0 |a Entre el deseo y la materia: obra visual de Claudio Bertoni 
250 |a 2a. ed 
300 |a 163 p 
942 |c BK 
945 |d 20121004 00:00:00  |a dcastane 
260 |a Viña del Mar  |b Ediciones Altazor  |c 2007 
650 0 |a Artistas chilenos  |9 344566 
650 0 |a Bellas artes  |9 334299 
650 0 |a Arte contemporáneo chileno  |9 464579 
583 |a last modification  |c 20121004 18:42:00  |k Rodrigo Vera 
999 |c 349705  |d 349703 
952 |0 0  |1 0  |4 0  |6 709_000000000000000_VER_2007  |7 0  |8 A  |9 452443  |a BIBING  |b BIBING  |d 2019-11-22  |i 4911075  |o 709 VER 2007  |p 4911075  |r 2023-03-02  |w 2019-11-22  |y BK  |k CUI 
952 |0 0  |1 0  |4 0  |6 709_000000000000000_VER_2007  |7 0  |8 A  |9 452444  |a BIBEDU  |b BIBEDU  |d 2019-11-22  |i 4911377  |o 709 VER 2007  |p 4911377  |r 2019-11-22  |w 2019-11-22  |y BK  |k CUE